Cézanne
সংরক্ষণ করুন:
| প্রধান লেখক: | |
|---|---|
| বিন্যাস: | গ্রন্থ |
| ভাষা: | স্প্যানিশ |
| প্রকাশিত: |
Buenos Aires
Viscontea
1983
|
| সংস্করন: | 2a. ed |
| মালা: | Los Grandes Pintores, 13
|
| বিষয়গুলি: | |
| ট্যাগগুলো: |
ট্যাগ যুক্ত করুন
কোনো ট্যাগ নেই, প্রথমজন হিসাবে ট্যাগ করুন!
|
MARC
| LEADER | 00000cam a2200000 a 4500 | ||
|---|---|---|---|
| 001 | UCE0989 | ||
| 003 | CL-VaPUC | ||
| 008 | 140324e19830000ag |||||||||||||||||spa|d | ||
| 082 | 0 | 4 | |a 759.4 |b PON |2 21 |
| 100 | 0 | |a Ponente, Nello |e author |9 573367 | |
| 245 | 1 | 0 | |a Cézanne |
| 250 | |a 2a. ed | ||
| 300 | |a 16 p | ||
| 942 | |c BK | ||
| 945 | |d 20140324 12:18:00 |a cmena | ||
| 260 | |a Buenos Aires |b Viscontea |c 1983 | ||
| 600 | 0 | |a Cézanne, Paul |d 1839-1906 |9 545432 | |
| 650 | 0 | |a Pintores franceses |9 340354 | |
| 650 | 0 | |a Pintura moderna |9 265600 | |
| 650 | 0 | |a Postimpresionismo |9 407295 | |
| 583 | |a last modification |c 20140324 12:18:00 |k Rodrigo Vera | ||
| 490 | 0 | |a Los Grandes Pintores, 13 | |
| 999 | |c 354952 |d 354950 | ||
| 952 | |0 0 |1 0 |3 erb |4 0 |6 759_400000000000000_PON_1983 |7 0 |8 A |9 461187 |a BIBART |b BIBART |i 5043778 |l 1 |m 1 |o 759.4 PON 1983 |p 5043778 |r 2025-03-13 |s 2024-06-17 |w 2019-11-23 |y BK |z Catalogado en:20140324 |k ART | ||